Past and current affairs (Record no. 78726)

MARC details
000 -LEADER
fixed length control field 01074cab a22002055a 4500
001 - CONTROL NUMBER
control field 137854
008 - FIXED-LENGTH DATA ELEMENTS--GENERAL INFORMATION
fixed length control field 070502e20070428xxk f g 000 0 eng d
035 ## - SYSTEM CONTROL NUMBER
System control number (Sirsi) u137854
041 0# - LANGUAGE CODE
Language code of text/sound track or separate title eng
100 1# - MAIN ENTRY--PERSONAL NAME
Personal name O'Brien, Gary
245 00 - TITLE STATEMENT
Title Past and current affairs
260 ## - PUBLICATION, DISTRIBUTION, ETC.
Date of publication, distribution, etc. 2007
490 ## - SERIES STATEMENT
Series statement Estates Gazette
Volume/sequential designation (668) 28 April 2007, 168-169(2)
520 ## - SUMMARY, ETC.
Summary, etc. Mainly for Students article addresses the concept of wayleaves. Makes specific reference to the electricity industry. Explains that infrastructure is placed upon land under a simple wayleave agreement. A fee is paid which grants immunity from trespass laws. By granting wayleave rights to the electricity industry upon its privatisation, a 19th century law has been used to guarantee 21st century infrastructure needs. A full understanding of this archaic area of law is important in order to apply beneficial solutions.
590 ## - LOCAL NOTE (RLIN)
Local note KA
650 24 - SUBJECT ADDED ENTRY--TOPICAL TERM
Topical term or geographic name entry element LAND COMPENSATION ACT 1961
651 #4 - SUBJECT ADDED ENTRY--GEOGRAPHIC NAME
Geographic name England and Wales
Chronological subdivision 1543-
690 ## - LOCAL SUBJECT ADDED ENTRY--TOPICAL TERM (OCLC, RLIN)
Topical term or geographic name as entry element PROPERTY-INFRASTRUCTURE-POWER AND MINERAL SUPPLY INFRASTRUCTURE
942 ## - ADDED ENTRY ELEMENTS (KOHA)
Suppress in OPAC 0
Holdings
Withdrawn status Lost status Source of classification or shelving scheme Damaged status Not for loan Home library Current library Shelving location Date acquired Total Checkouts Full call number Barcode Date last seen Copy number Price effective from Koha item type
    Dewey Decimal Classification     London London Journal article 02/05/2007   L137854 137854-1001 06/08/2019 1 06/08/2019 Journal article